000 01017nam a2200265 i 4500
001 15807
003 ES-MaACL
005 20250208063117.0
007 t|
008 000508s1995 sp ||||0| spa
080 _a904(460.226):7.031.3
080 _a904(460.27 Fuente el Saz)
080 _a904(460.27 Meco)
100 1 _aTuriel, Max,
_d1955-
_9151274
245 1 0 _aAntiqua civitas deserta :
_barqueología.
250 _a2ª ed.
260 _aMadrid :
_bM. Turiel Ibáñez ;
_aCalamocha, Teruel :
_bCentro de Estudios del Jiloca [distribuidor],
_c1995.
300 _a50 p. :
_bil. ;
_c21 cm.
505 0 _aEl "loca sacra libera" de El Castillejo de Lechago (Calamocha-Teruel) ; Hallazgos monetarios de época ibérica y romana en Fuente el Saz del Jarama y Meco (Madrid)
650 4 _aMonedas ibéricas-
_zMadrid (Comunidad Autónoma)
_915163
650 4 _aMonedas romanas-
_zMadrid (Comunidad Autónoma)
_915165
852 _aES-MaACL
_jL-22960
942 _2udc
999 _c15807
_d15807